| 000 | 00634cam a2200205 4500500 | ||
|---|---|---|---|
| 005 | 20260405000749.0 | ||
| 041 | _afre | ||
| 042 | _adc | ||
| 100 | 1 | 0 |
_aLacroix, Alexandre _eauthor |
| 245 | 0 | 0 | _aClaudio Magris. « La mort a moins de pouvoir qu’on ne croit » |
| 260 | _c2009. | ||
| 500 | _a86 | ||
| 690 | _aClaudio Magris | ||
| 690 | _aDémocratie | ||
| 690 | _aHistoire | ||
| 690 | _aLittérature | ||
| 690 | _aUtopie | ||
| 786 | 0 | _nPhilosophie magazine | 30 | 6 | 2009-06-01 | p. 32-33 | 1951-1787 | |
| 856 | 4 | 1 | _uhttps://shs.cairn.info/magazine-philosophie-magazine-2009-6-page-32?lang=fr&redirect-ssocas=7080 |
| 999 |
_c2040601 _d2040601 |
||